| 000 | 00332nam a22001217a 4500 | ||
|---|---|---|---|
| 020 | _a0-07-099477-3 | ||
| 082 | _a621.391 MAL'D | ||
| 100 |
_aMALVINO, ALBERT PAUL _956026 |
||
| 245 | _aDIGITAL COMPUTER ELECTONICS,AN INTRODUCTION TO MICROCOMPUTERS | ||
| 260 |
_aNEWDELHI _bTATA MCGRAW HILL _c1983 |
||
| 300 | _aIX, 338P | ||
| 942 | _cBK | ||
| 999 |
_c584204 _d584204 |
||